[Event "18. Torneo Ciudad de Albacete 2010"]
[Site "Albacete ESP"]
[Date "2010.09.17"]
[Round "7.14"]
[White "Garcia Roman, Jose Luis Machado"]
[Black "Villasenor Rubio, Emilio Jose"]
[Result "1-0"]
[WhiteElo "1997"]
[BlackElo "2101"]
[PlyCount "107"]
[EventDate "2010.09.14"]
[EventType "swiss"]
[EventRounds "9"]
[EventCountry "ESP"]
[Source "lmi"]
[SourceDate "2010.09.14"]

1. e4 e6 2. d4 d5 3. Nc3 Bb4 4. e5 c5 5. a3 Bxc3+ 6. bxc3 Ne7 7. Qg4 Qc7 8. Ne2
cxd4 9. cxd4 Qxc2 10. Qxg7 Rg8 11. Qf6 Nbc6 12. Bg5 Qf5 13. h4 b6 14. Rc1 Kd7
15. g4 Qxf6 16. exf6 Ng6 17. Be3 Ba6 18. h5 Nf8 19. Bh3 Rc8 20. g5 h6 21. f4
Na5 22. Rxc8 Bxc8 23. Kf2 Nc4 24. Bc1 Nd6 25. Nc3 b5 26. Re1 Kc6 27. Na2 a5 28.
Bg2 Nh7 29. Rg1 hxg5 30. fxg5 Nxg5 31. Nc3 Kb6 32. Bf4 b4 33. axb4 axb4 34. Rb1
Kc6 35. Rxb4 Nh7 36. Na4 Nb5 37. Bf1 Nxd4 38. Rxd4 Nxf6 39. Rd1 Nxh5 40. Rc1+
Kd7 41. Nb6+ Ke7 42. Be5 Bd7 43. Rc7 Rd8 44. Bb5 Nf6 45. Bxf6+ Kxf6 46. Nxd7+
Kf5 47. Bd3+ Kf4 48. Nf6 Ra8 49. Rxf7 Ra2+ 50. Be2 d4 51. Nd7+ Ke4 52. Nc5+ Kd5
53. Nd3 Rd2 54. Ke1 1-0

[Event "18. Torneo Ciudad de Albacete 2010"]
[Site "Albacete ESP"]
[Date "2010.09.17"]
[Round "7.15"]
[White "Trabazos Gallego, Javier"]
[Black "Navarro Lopez-Menchero, Daniel"]
[Result "0-1"]
[WhiteElo "1980"]
[BlackElo "2100"]
[PlyCount "64"]
[EventDate "2010.09.14"]
[EventType "swiss"]
[EventRounds "9"]
[EventCountry "ESP"]
[Source "lmi"]
[SourceDate "2010.09.14"]

1. d4 d5 2. Bg5 h6 3. Bh4 c5 4. c3 Qb6 5. Qb3 c4 6. Qxb6 axb6 7. e4 e6 8. f4 b5
9. Nd2 Nc6 10. Ngf3 b4 11. Be2 Nf6 12. Bxf6 gxf6 13. O-O bxc3 14. bxc3 b5 15.
Rfe1 Kd8 16. f5 b4 17. exd5 exd5 18. cxb4 Nxb4 19. Rab1 Bxf5 20. Rbc1 Nxa2 21.
Ra1 Bb4 22. Rec1 Kd7 23. Bxc4 dxc4 24. Nxc4 Nxc1 25. Rxc1 Ba5 26. Rf1 Bd3 27.
Nfe5+ fxe5 28. Nxe5+ Ke6 29. Nxd3 Bb6 30. Nf4+ Kd6 31. Rd1 Ra4 32. Ne2 Rc4 0-1

[Event "18. Torneo Ciudad de Albacete 2010"]
[Site "Albacete ESP"]
[Date "2010.09.17"]
[Round "7.16"]
[White "Moya Albaladejo, Jose Antonio"]
[Black "Martinez Peiro, Gabriel"]
[Result "0-1"]
[WhiteElo "1952"]
[BlackElo "2051"]
[PlyCount "74"]
[EventDate "2010.09.14"]
[EventType "swiss"]
[EventRounds "9"]
[EventCountry "ESP"]
[Source "lmi"]
[SourceDate "2010.09.14"]

1. e4 c6 2. d4 d5 3. Nc3 dxe4 4. Nxe4 Bf5 5. Ng3 Bg6 6. h4 h6 7. Nf3 Nd7 8. h5
Bh7 9. Bd3 Bxd3 10. Qxd3 Qa5+ 11. Bd2 Qb6 12. O-O-O O-O-O 13. Ne4 e5 14. Bc3 f5
15. dxe5 fxe4 16. Qxe4 Ne7 17. Qe1 Qa6 18. e6 Nb6 19. Rxd8+ Kxd8 20. Ne5 Kc8
21. Nf7 Rg8 22. Nd6+ Kb8 23. Qe5 Ka8 24. Ne8 Ned5 25. Nc7+ Nxc7 26. Qxc7 Bc5
27. Qf7 Rc8 28. Kb1 Nd5 29. Bxg7 Qc4 30. Qd7 Nb6 31. Qf7 Nd5 32. Bxh6 Nb4 33.
Qd7 Rg8 34. Rh3 Qxc2+ 35. Ka1 Qe4 36. Qd2 Nc2+ 37. Kb1 Na3+ 0-1

[Event "18. Torneo Ciudad de Albacete 2010"]
[Site "Albacete ESP"]
[Date "2010.09.17"]
[Round "7.17"]
[White "Aroca Villalba, Miguel"]
[Black "Boj Marques, Javier"]
[Result "1-0"]
[WhiteElo "1982"]
[BlackElo "1917"]
[PlyCount "57"]
[EventDate "2010.09.14"]
[EventType "swiss"]
[EventRounds "9"]
[EventCountry "ESP"]
[Source "lmi"]
[SourceDate "2010.09.14"]

1. d4 d5 2. g3 f5 3. f4 Nf6 4. Nf3 e6 5. b3 c6 6. Bg2 Nbd7 7. O-O Ne4 8. c4 Be7
9. Ba3 Bxa3 10. Nxa3 O-O 11. Nc2 Ndf6 12. Ne5 Bd7 13. c5 Be8 14. Qd3 Bh5 15. b4
Ng4 16. a4 Nxe5 17. dxe5 b6 18. Nd4 Qd7 19. Qc2 bxc5 20. bxc5 Rfb8 21. Rfb1 Kf7
22. a5 Ke7 23. e3 Be8 24. Bxe4 fxe4 25. a6 Qc8 26. Qe2 g6 27. Qg4 Bf7 28. Qh4+
Kd7 29. Qxh7 1-0

[Event "18. Torneo Ciudad de Albacete 2010"]
[Site "Albacete ESP"]
[Date "2010.09.17"]
[Round "7.18"]
[White "Buendia Pinar, Alvaro"]
[Black "Tomas Romero, Francisco"]
[Result "1-0"]
[WhiteElo "1905"]
[BlackElo "1627"]
[PlyCount "53"]
[EventDate "2010.09.14"]
[EventType "swiss"]
[EventRounds "9"]
[EventCountry "ESP"]
[Source "lmi"]
[SourceDate "2010.09.14"]

1. d4 Nf6 2. c4 g6 3. Nc3 Bg7 4. e4 d6 5. Nf3 O-O 6. h3 Nc6 7. d5 Ne5 8. Nxe5
dxe5 9. Be3 b6 10. Qd2 e6 11. O-O-O exd5 12. cxd5 Ne8 13. g4 Nd6 14. Bd3 a6 15.
Rdg1 Bd7 16. h4 c5 17. dxc6 Bxc6 18. h5 Qd7 19. Bh6 Nb5 20. Bxg7 Kxg7 21. hxg6
fxg6 22. Qh6+ Kg8 23. Bc4+ Kh8 24. Qg5 Qg7 25. Rxh7+ Qxh7 26. Qxe5+ Qg7 27.
Rh1# 1-0

[Event "18. Torneo Ciudad de Albacete 2010"]
[Site "Albacete ESP"]
[Date "2010.09.17"]
[Round "7.19"]
[White "Diaz Rios, Ignacio Jose"]
[Black "Tebar Lujan, Jorge"]
[Result "1-0"]
[WhiteElo "1897"]
[BlackElo "1606"]
[PlyCount "57"]
[EventDate "2010.09.14"]
[EventType "swiss"]
[EventRounds "9"]
[EventCountry "ESP"]
[Source "lmi"]
[SourceDate "2010.09.14"]

1. e4 c5 2. Nf3 d6 3. d4 cxd4 4. Nxd4 Nf6 5. Nc3 a6 6. Be3 e5 7. Nb3 Be6 8. f3
Be7 9. Qd2 O-O 10. O-O-O Nbd7 11. Qf2 b5 12. g4 Bxg4 13. h4 Bh5 14. Bh3 Qc7 15.
Rdg1 Kh8 16. Rg5 Bg6 17. Bxd7 Nxd7 18. Nd5 Qd8 19. Nxe7 Qxe7 20. h5 Bxe4 21.
fxe4 Nf6 22. Qg2 Rg8 23. Rg1 Qf8 24. Rf5 Rc8 25. Qf3 Qe7 26. Kb1 Qc7 27. Rxf6
Qxc2+ 28. Ka1 Rgf8 29. Rxf7 1-0

[Event "18. Torneo Ciudad de Albacete 2010"]
[Site "Albacete ESP"]
[Date "2010.09.17"]
[Round "7.20"]
[White "Monteagudo Honrubia, Miguel"]
[Black "Pastor Villalba, Arturo"]
[Result "0-1"]
[WhiteElo "1528"]
[BlackElo "1767"]
[PlyCount "60"]
[EventDate "2010.09.14"]
[EventType "swiss"]
[EventRounds "9"]
[EventCountry "ESP"]
[Source "lmi"]
[SourceDate "2010.09.14"]

1. c4 Nf6 2. Nc3 c6 3. Qa4 e5 4. g3 Be7 5. Bg2 O-O 6. Nf3 d6 7. O-O Bf5 8. d3
Nbd7 9. e4 Bg4 10. Nh4 Re8 11. f4 exf4 12. Bxf4 Nh5 13. Nf5 Bxf5 14. exf5 Qb6+
15. Rf2 Nxf4 16. gxf4 Bh4 17. Ne4 Bxf2+ 18. Nxf2 Re2 19. Rf1 Nf6 20. Bf3 Rxb2
21. Qa3 Qd4 22. Kg2 Re8 23. Kg3 h5 24. h3 h4+ 25. Kxh4 Qxf4+ 26. Ng4 Qd4 27.
Kg3 Nxg4 28. hxg4 Qe5+ 29. Kh4 Rh2+ 30. Kg5 Qe3# 0-1

[Event "18. Torneo Ciudad de Albacete 2010"]
[Site "Albacete ESP"]
[Date "2010.09.18"]
[Round "8.1"]
[White "Mirzoev, Azer"]
[Black "Almeida Quintana, Omar"]
[Result "1/2-1/2"]
[WhiteElo "2525"]
[BlackElo "2559"]
[PlyCount "45"]
[EventDate "2010.09.14"]
[EventType "swiss"]
[EventRounds "9"]
[EventCountry "ESP"]
[Source "lmi"]
[SourceDate "2010.09.14"]

1. Nf3 g6 2. d4 Bg7 3. e4 d6 4. c3 Nf6 5. Bd3 O-O 6. O-O Nc6 7. h3 e5 8. Re1 h6
9. Na3 Re8 10. dxe5 Nxe5 11. Nxe5 dxe5 12. Be3 Be6 13. Qc2 c6 14. Rad1 Qc7 15.
Bc4 Kf8 16. Bxe6 Rxe6 17. Nc4 b5 18. Nd2 g5 19. Nb3 Ree8 20. Nc5 Red8 21. c4
Nh5 22. Nd3 b4 23. Nc5 1/2-1/2

[Event "18. Torneo Ciudad de Albacete 2010"]
[Site "Albacete ESP"]
[Date "2010.09.18"]
[Round "8.2"]
[White "Martinez Rodriguez, Pablo"]
[Black "Pogorelov, Ruslan"]
[Result "0-1"]
[WhiteElo "2239"]
[BlackElo "2447"]
[PlyCount "50"]
[EventDate "2010.09.14"]
[EventType "swiss"]
[EventRounds "9"]
[EventCountry "ESP"]
[Source "lmi"]
[SourceDate "2010.09.14"]

1. Nf3 Nf6 2. b3 e6 3. Bb2 d5 4. c4 c5 5. g3 Nc6 6. Bg2 d4 7. O-O e5 8. e3 Be7
9. exd4 exd4 10. d3 O-O 11. Na3 Bf5 12. Nc2 Qd7 13. Re1 Bd6 14. Qd2 Ng4 15. Nh4
Nge5 16. Nxf5 Qxf5 17. Rad1 Nf3+ 18. Bxf3 Qxf3 19. Re4 Rae8 20. Ne1 Qh5 21. Bc1
f5 22. Rh4 Qg6 23. Nf3 f4 24. Kg2 fxg3 25. hxg3 Re3 0-1

[Event "18. Torneo Ciudad de Albacete 2010"]
[Site "Albacete ESP"]
[Date "2010.09.18"]
[Round "8.3"]
[White "Gongora Reyes, Maikel"]
[Black "Abreu Delgado, Aryam"]
[Result "0-1"]
[WhiteElo "2468"]
[BlackElo "2473"]
[PlyCount "46"]
[EventDate "2010.09.14"]
[EventType "swiss"]
[EventRounds "9"]
[EventCountry "ESP"]
[Source "lmi"]
[SourceDate "2010.09.14"]

1. d4 Nf6 2. c4 g6 3. f3 d5 4. cxd5 Nxd5 5. e4 Nb6 6. Nc3 Bg7 7. Be3 O-O 8. Qd2
Nc6 9. O-O-O f5 10. e5 Nb4 11. Nh3 Be6 12. Kb1 Qd7 13. Nf4 Bf7 14. a3 a5 15. d5
Bxe5 16. axb4 axb4 17. Nb5 Ra5 18. Qxb4 Rfa8 19. Na3 Bd6 20. Qd4 Ra4 21. Qd2
Bxa3 22. bxa3 Rxa3 23. Bd4 Qa4 0-1

[Event "18. Torneo Ciudad de Albacete 2010"]
[Site "Albacete ESP"]
[Date "2010.09.18"]
[Round "8.4"]
[White "Alcaraz Ortega, Javier"]
[Black "Sanchez Jerez, Emilio Miguel"]
[Result "1/2-1/2"]
[WhiteElo "2229"]
[BlackElo "2282"]
[PlyCount "28"]
[EventDate "2010.09.14"]
[EventType "swiss"]
[EventRounds "9"]
[EventCountry "ESP"]
[Source "lmi"]
[SourceDate "2010.09.14"]

1. d4 g6 2. e4 Bg7 3. c4 Nf6 4. Nc3 O-O 5. Nf3 c6 6. e5 Ne8 7. Be2 d6 8. Bf4
Bg4 9. O-O Nd7 10. Re1 dxe5 11. Nxe5 Nxe5 12. Bxe5 Bxe5 13. dxe5 Bxe2 14. Qxe2
Ng7 1/2-1/2

[Event "18. Torneo Ciudad de Albacete 2010"]
[Site "Albacete ESP"]
[Date "2010.09.18"]
[Round "8.5"]
[White "Serna Lara, Sergio"]
[Black "Marholev, Dimitar"]
[Result "1/2-1/2"]
[WhiteElo "2236"]
[BlackElo "2407"]
[PlyCount "24"]
[EventDate "2010.09.14"]
[EventType "swiss"]
[EventRounds "9"]
[EventCountry "ESP"]
[Source "lmi"]
[SourceDate "2010.09.14"]

1. d4 Nf6 2. c4 c5 3. d5 e6 4. Nc3 exd5 5. cxd5 Bd6 6. g3 O-O 7. Bg2 Bc7 8. d6
Ba5 9. Nh3 Nc6 10. O-O Bxc3 11. bxc3 b6 12. e4 Ba6 1/2-1/2

[Event "18. Torneo Ciudad de Albacete 2010"]
[Site "Albacete ESP"]
[Date "2010.09.18"]
[Round "8.6"]
[White "Llavador Moron, Juan Jose"]
[Black "Gonzalez Perez, Arian"]
[Result "0-1"]
[WhiteElo "2160"]
[BlackElo "2410"]
[PlyCount "70"]
[EventDate "2010.09.14"]
[EventType "swiss"]
[EventRounds "9"]
[EventCountry "ESP"]
[Source "lmi"]
[SourceDate "2010.09.14"]

1. d4 Nf6 2. Bg5 d5 3. Bxf6 exf6 4. e3 Bd6 5. g3 O-O 6. Bg2 c6 7. Nd2 Nd7 8.
Ne2 f5 9. O-O Nf6 10. c4 dxc4 11. Nxc4 Bc7 12. Rc1 h5 13. Nf4 h4 14. Ne5 hxg3
15. hxg3 Bxe5 16. dxe5 Ng4 17. Qd6 Re8 18. Rfd1 Qb6 19. Rc5 Be6 20. Nxe6 fxe6
21. Rcc1 Qxb2 22. Rf1 Qxe5 23. Qd7 Rab8 24. Rb1 Red8 25. Qe7 Qf6 26. Rxb7 Rxb7
27. Qxb7 Qh6 28. Rb1 Rd2 29. Qb8+ Kh7 30. Qf4 Qh2+ 31. Kf1 Kg6 32. Rb7 Rd1+ 33.
Ke2 Qg1 34. Rxg7+ Kxg7 35. Qg5+ Kf8 0-1

[Event "18. Torneo Ciudad de Albacete 2010"]
[Site "Albacete ESP"]
[Date "2010.09.18"]
[Round "8.7"]
[White "La Rota, Fabio"]
[Black "Campayo Hernandez, Juan"]
[Result "1-0"]
[WhiteElo "2234"]
[BlackElo "2154"]
[PlyCount "69"]
[EventDate "2010.09.14"]
[EventType "swiss"]
[EventRounds "9"]
[EventCountry "ESP"]
[Source "lmi"]
[SourceDate "2010.09.14"]

1. e4 e6 2. Qe2 c5 3. Nf3 Nc6 4. g3 g6 5. Bg2 Bg7 6. O-O Nge7 7. c3 e5 8. Na3
O-O 9. Nc2 d5 10. exd5 Nxd5 11. Qc4 Qd6 12. Ng5 Nf6 13. d3 h6 14. Ne4 Nxe4 15.
dxe4 Be6 16. Qe2 f5 17. f4 Rae8 18. Be3 Qe7 19. Qb5 Nd4 20. cxd4 cxd4 21. Bd2
Qc7 22. Rfc1 Bd7 23. Qd3 Qb6 24. Nb4 fxe4 25. Bxe4 exf4 26. gxf4 Bb5 27. Bd5+
Kh8 28. Bc4 Bd7 29. Nd5 Qd8 30. Re1 Rxe1+ 31. Rxe1 Bc6 32. Ne7 Be8 33. Nxg6+
Bxg6 34. Qxg6 d3 35. Bc3 1-0

[Event "18. Torneo Ciudad de Albacete 2010"]
[Site "Albacete ESP"]
[Date "2010.09.18"]
[Round "8.8"]
[White "Castellanos Bogalo, Antonio"]
[Black "Pardo Simon, David"]
[Result "0-1"]
[WhiteElo "2062"]
[BlackElo "2336"]
[PlyCount "123"]
[EventDate "2010.09.14"]
[EventType "swiss"]
[EventRounds "9"]
[EventCountry "ESP"]
[Source "lmi"]
[SourceDate "2010.09.14"]

1. e4 e5 2. Nf3 Nc6 3. Nc3 Nf6 4. a3 d5 5. Bb5 Nxe4 6. Qe2 Nxc3 7. Qxe5+ Be7 8.
Qxc3 O-O 9. O-O d4 10. Qd3 Bf6 11. b4 Ne7 12. Qb3 c6 13. Bd3 Be6 14. Qb1 Bd5
15. Ne1 Ng6 16. f4 Qd6 17. g3 a5 18. bxa5 Rxa5 19. Bb2 b5 20. c3 dxc3 21. Bxc3
Bxc3 22. dxc3 Rxa3 23. Rxa3 Qxa3 24. Qb4 Qc1 25. Qd4 Re8 26. Ng2 Qb2 27. Rf2
Qa1+ 28. Rf1 Qa8 29. Ne3 Rd8 30. Nf5 f6 31. Qb6 Qc8 32. Re1 Qd7 33. Qc5 Re8 34.
Rxe8+ Qxe8 35. Kf2 Qf7 36. h4 Bh1 37. Qe3 Nf8 38. Bc2 Ne6 39. Bb3 Bd5 40. Bxd5
cxd5 41. Qb6 h6 42. Qb8+ Kh7 43. Qd6 Qa7+ 44. Kf3 Qf7 45. g4 h5 46. Ne3 hxg4+
47. Nxg4 Nf8 48. f5 Nd7 49. Qe6 Kg8 50. Qd6 Kh7 51. Qe6 Kg8 52. Qd6 Qe8 53.
Qxd5+ Kh7 54. Qe6 Qc8 55. Ne3 Ne5+ 56. Ke2 Qxc3 57. Nd5 Qf3+ 58. Ke1 Qg3+ 59.
Kd1 Qxh4 60. Ne7 Qh5+ 61. Kd2 Qf7 62. Qc8 0-1

[Event "18. Torneo Ciudad de Albacete 2010"]
[Site "Albacete ESP"]
[Date "2010.09.18"]
[Round "8.9"]
[White "Martinez Peiro, Gabriel"]
[Black "Kovacevic, Slobodan"]
[Result "0-1"]
[WhiteElo "2051"]
[BlackElo "2386"]
[PlyCount "74"]
[EventDate "2010.09.14"]
[EventType "swiss"]
[EventRounds "9"]
[EventCountry "ESP"]
[Source "lmi"]
[SourceDate "2010.09.14"]

1. d4 Nf6 2. c4 e6 3. Nc3 c5 4. d5 exd5 5. cxd5 d6 6. Nf3 g6 7. e4 a6 8. a4 Bg4
9. Qb3 Bxf3 10. gxf3 Qc7 11. a5 Nbd7 12. f4 Bg7 13. Be2 O-O 14. h4 Rfe8 15. Qc2
Re7 16. Qd3 c4 17. Qc2 Nc5 18. f3 Nb3 19. Ra4 Nxc1 20. Qxc1 Nh5 21. Bxc4 Rc8
22. Ne2 Qd8 23. Qd2 Rec7 24. b3 Bf6 25. Kd1 Rc5 26. Qb4 Qd7 27. Qd2 Qc7 28. f5
Qe7 29. fxg6 hxg6 30. Nf4 Nxf4 31. Qxf4 Kg7 32. h5 Rh8 33. h6+ Kh7 34. Ra2 Bg5
35. Qh2 Qf6 36. Qe2 Qc3 37. Rh3 Qc1# 0-1

[Event "18. Torneo Ciudad de Albacete 2010"]
[Site "Albacete ESP"]
[Date "2010.09.18"]
[Round "8.10"]
[White "Picazo Lopez, Juan Antonio"]
[Black "Garcia Roman, Jose Luis Machado"]
[Result "1-0"]
[WhiteElo "2232"]
[BlackElo "1997"]
[PlyCount "73"]
[EventDate "2010.09.14"]
[EventType "swiss"]
[EventRounds "9"]
[EventCountry "ESP"]
[Source "lmi"]
[SourceDate "2010.09.14"]

1. d4 Nf6 2. c4 e6 3. Nc3 Bb4 4. e3 c5 5. Bd3 Bxc3+ 6. bxc3 b6 7. Ne2 Nc6 8.
O-O O-O 9. e4 d6 10. f4 Ba6 11. e5 Ne8 12. Rf3 g6 13. Rh3 Na5 14. f5 exf5 15.
Bh6 Ng7 16. Qd2 dxe5 17. Bxg7 Kxg7 18. Qh6+ Kf6 19. dxe5+ Kxe5 20. Qg7+ Kd6 21.
Bxf5 Qe7 22. Rd1+ Kc6 23. Rd7 Rg8 24. Qxg8 Rxg8 25. Rxe7 gxf5 26. Rh6+ Rg6 27.
Rxg6+ hxg6 28. Rxf7 Bxc4 29. Rf6+ Kb5 30. Nc1 Bd5 31. Rxg6 Kc4 32. Ne2 Be4 33.
h4 Kd3 34. Nf4+ Kxc3 35. h5 Nc6 36. Rxc6 Bxc6 37. h6 1-0

[Event "18. Torneo Ciudad de Albacete 2010"]
[Site "Albacete ESP"]
[Date "2010.09.18"]
[Round "8.11"]
[White "Belinchon Calleja, David"]
[Black "Navarro Lopez-Menchero, Daniel"]
[Result "1/2-1/2"]
[WhiteElo "1971"]
[BlackElo "2100"]
[PlyCount "77"]
[EventDate "2010.09.14"]
[EventType "swiss"]
[EventRounds "9"]
[EventCountry "ESP"]
[Source "lmi"]
[SourceDate "2010.09.14"]

1. d4 d5 2. c4 dxc4 3. Nf3 Nf6 4. e3 Bg4 5. Bxc4 e6 6. h3 Bh5 7. Qb3 Bxf3 8.
gxf3 Nbd7 9. Nc3 Nb6 10. Be2 Be7 11. Rg1 O-O 12. Bd2 c5 13. O-O-O cxd4 14. exd4
Kh8 15. Kb1 Qb8 16. Ne4 Nbd5 17. Bc4 a6 18. Bg5 b5 19. Bxd5 Nxd5 20. Bxe7 Nxe7
21. Qd3 h6 22. Ng3 Qd6 23. Nh5 g6 24. Qd2 Nf5 25. Ng3 Qd5 26. Ka1 Kh7 27. Ne4
Kg7 28. Qf4 Rad8 29. h4 f6 30. Qg4 Ne7 31. Nc5 f5 32. Qf4 Nc6 33. Qg3 Rf6 34.
Qc7+ Rf7 35. Qg3 Rf6 36. Qc7+ Kh8 37. Qf4 Kg7 38. Qc7+ Rf7 39. Qg3 1/2-1/2

[Event "18. Torneo Ciudad de Albacete 2010"]
[Site "Albacete ESP"]
[Date "2010.09.18"]
[Round "8.13"]
[White "Olivera Gutierrez, Albert"]
[Black "Buendia Pinar, Alvaro"]
[Result "1-0"]
[WhiteElo "2073"]
[BlackElo "1905"]
[PlyCount "47"]
[EventDate "2010.09.14"]
[EventType "swiss"]
[EventRounds "9"]
[EventCountry "ESP"]
[Source "lmi"]
[SourceDate "2010.09.14"]

1. e4 c6 2. d4 d5 3. e5 c5 4. c3 Nc6 5. Nf3 Bg4 6. Be2 e6 7. Nbd2 Qb6 8. dxc5
Bxc5 9. O-O a5 10. Qa4 Bh5 11. b4 Be7 12. b5 Nb8 13. c4 Bxf3 14. Bxf3 Qd4 15.
Rb1 Nd7 16. Rd1 Nb6 17. Qc2 Rc8 18. Bb2 Qc5 19. Rbc1 a4 20. Qd3 dxc4 21. Nxc4
Nxc4 22. Bxb7 Rd8 23. Bc6+ Kf8 24. Qxd8+ 1-0

[Event "18. Torneo Ciudad de Albacete 2010"]
[Site "Albacete ESP"]
[Date "2010.09.18"]
[Round "8.14"]
[White "Ontanon Gomez, Pablo"]
[Black "Diaz Rios, Ignacio Jose"]
[Result "1-0"]
[WhiteElo "2041"]
[BlackElo "1897"]
[PlyCount "119"]
[EventDate "2010.09.14"]
[EventType "swiss"]
[EventRounds "9"]
[EventCountry "ESP"]
[Source "lmi"]
[SourceDate "2010.09.14"]

1. e4 c5 2. Nf3 d6 3. d4 cxd4 4. Nxd4 Nf6 5. Nc3 a6 6. Be2 e5 7. Nb3 Be7 8. Bg5
Be6 9. Qd3 Qc7 10. O-O-O Nc6 11. Bxf6 gxf6 12. Kb1 O-O-O 13. Nd5 Bxd5 14. exd5
Na5 15. Nd2 b5 16. a4 bxa4 17. Qxa6+ Kb8 18. Qb5+ Ka8 19. Qxa4 Qa7 20. Nc4 Nxc4
21. Qc6+ Qb7 22. Qxc4 Rb8 23. Qa4+ Qa7 24. Qc6+ Qb7 25. Rd3 Qxc6 26. dxc6 Rb6
27. c7 f5 28. Bh5 Kb7 29. Bxf7 Kxc7 30. Be6 Rhb8 31. Rc3+ Kd8 32. b3 Ra6 33.
Rg3 Bf6 34. Rg8+ Kc7 35. Rxb8 Kxb8 36. Bxf5 e4 37. c3 Bxc3 38. Kc2 Be5 39. Kd2
d5 40. Ke3 Ra2 41. Be6 Bc7 42. Bxd5 Bb6+ 43. Kxe4 Rxf2 44. Kd3 Kc7 45. Rc1+ Kd8
46. Rc6 Bc7 47. Rh6 Rd2+ 48. Kxd2 Bf4+ 49. Kd3 Bxh6 50. Be4 Bf4 51. g3 Be5 52.
Bxh7 Ke7 53. Ke4 Kf6 54. b4 Bd6 55. b5 Bc5 56. Kd5 Bg1 57. h3 Bf2 58. g4 Kg5
59. Kc6 Kh4 60. b6 1-0

[Event "18. Torneo Ciudad de Albacete 2010"]
[Site "Albacete ESP"]
[Date "2010.09.18"]
[Round "8.15"]
[White "Atienza, Hilario"]
[Black "Machado Hernandez, Junior"]
[Result "1/2-1/2"]
[WhiteElo "1861"]
[BlackElo "2010"]
[PlyCount "49"]
[EventDate "2010.09.14"]
[EventType "swiss"]
[EventRounds "9"]
[EventCountry "ESP"]
[Source "lmi"]
[SourceDate "2010.09.14"]

1. e4 c5 2. Nf3 a6 3. c4 d6 4. Nc3 Nf6 5. d4 cxd4 6. Nxd4 e6 7. Be2 Be7 8. Be3
Nbd7 9. O-O O-O 10. Qd2 Qc7 11. b3 b6 12. Rac1 Bb7 13. f3 Rac8 14. Rfd1 Qb8 15.
Nc2 Rfd8 16. Bf1 d5 17. exd5 exd5 18. Nxd5 Nxd5 19. cxd5 Nf6 20. Bf4 Bd6 21.
Bxd6 Qxd6 22. Ne3 Rxc1 23. Rxc1 Nxd5 24. Nxd5 Bxd5 25. Bc4 1/2-1/2

[Event "18. Torneo Ciudad de Albacete 2010"]
[Site "Albacete ESP"]
[Date "2010.09.18"]
[Round "8.17"]
[White "Pastor Villalba, Arturo"]
[Black "Trabazos Gallego, Javier"]
[Result "1-0"]
[WhiteElo "1767"]
[BlackElo "1980"]
[PlyCount "75"]
[EventDate "2010.09.14"]
[EventType "swiss"]
[EventRounds "9"]
[EventCountry "ESP"]
[Source "lmi"]
[SourceDate "2010.09.14"]

1. d4 Nf6 2. c4 e5 3. dxe5 Ne4 4. a3 b6 5. Nf3 Bb7 6. e3 a5 7. b3 Na6 8. Bb2
Nac5 9. Be2 Ne6 10. Nc3 f5 11. Nd5 Bc5 12. O-O O-O 13. Bd4 Bxd4 14. Nxd4 Bxd5
15. cxd5 Nc3 16. Qc2 Nxd4 17. exd4 Nxd5 18. Bc4 c6 19. b4 axb4 20. axb4 Kh8 21.
Bxd5 cxd5 22. Qb3 f4 23. Qxd5 f3 24. gxf3 Qg5+ 25. Kh1 Rxa1 26. Rxa1 h5 27. Qe4
Qd2 28. Qe3 Qxb4 29. Kg2 Qe7 30. Ra7 Qf7 31. Qe4 g6 32. d5 Qe7 33. f4 Qh4 34.
f3 Qd8 35. e6 dxe6 36. Qe5+ Qf6 37. Qc7 Qb2+ 38. Kh3 1-0

[Event "18. Torneo Ciudad de Albacete 2010"]
[Site "Albacete ESP"]
[Date "2010.09.18"]
[Round "8.18"]
[White "Villasenor Rubio, Emilio Jose"]
[Black "Coves Sepulcre, Laureano"]
[Result "1-0"]
[WhiteElo "2101"]
[BlackElo "1905"]
[PlyCount "59"]
[EventDate "2010.09.14"]
[EventType "swiss"]
[EventRounds "9"]
[EventCountry "ESP"]
[Source "lmi"]
[SourceDate "2010.09.14"]

1. e4 e5 2. Nf3 Nf6 3. Nc3 Bb4 4. Bc4 O-O 5. O-O d6 6. d3 h6 7. Ne2 Nc6 8. c3
Bc5 9. Ng3 Be6 10. Bb3 Bxb3 11. Qxb3 Bb6 12. Re1 Re8 13. a4 a5 14. Be3 Bxe3 15.
Rxe3 Qd7 16. Nh4 Kh7 17. Rf1 Rab8 18. f4 exf4 19. Rxf4 Qe6 20. Qd1 Ne5 21. Nhf5
Ng6 22. Rf1 c6 23. Nh5 Nxh5 24. Qxh5 b5 25. Rh3 Ne5 26. d4 Nc4 27. Nxh6 gxh6
28. Rxf7+ Kh8 29. Qg5 Qxf7 30. Qxh6+ 1-0

[Event "18. Torneo Ciudad de Albacete 2010"]
[Site "Albacete ESP"]
[Date "2010.09.18"]
[Round "8.12"]
[White "Fenollar Jorda, Manuel"]
[Black "Gonzalez Lopez, Julian"]
[Result "1-0"]
[WhiteElo "2344"]
[BlackElo "1969"]
[PlyCount "121"]
[EventDate "2010.09.14"]
[EventType "swiss"]
[EventRounds "9"]
[EventCountry "ESP"]
[Source "lmi"]
[SourceDate "2010.09.14"]

1. d4 d5 2. Nf3 Nf6 3. e3 e6 4. Bd3 c5 5. c3 Nc6 6. Nbd2 Bd6 7. O-O O-O 8. dxc5
Bxc5 9. e4 e5 10. Qe2 Bg4 11. exd5 Nxd5 12. Ne4 Be7 13. Rd1 Qc7 14. h3 Bxf3 15.
Qxf3 Rad8 16. Ng3 Nf4 17. Bxf4 exf4 18. Nf5 Bf6 19. Be4 Rfe8 20. Bxc6 bxc6 21.
Rxd8 Rxd8 22. Rd1 Rxd1+ 23. Qxd1 g6 24. Nh6+ Kg7 25. Ng4 h5 26. Nxf6 Kxf6 27.
Qd4+ Ke6 28. Kf1 c5 29. Qe4+ Kf6 30. b3 Qd6 31. Ke1 g5 32. f3 Qa6 33. Qe2 Qa5
34. Qd2 Qc7 35. Qd5 Qe7+ 36. Kd1 Qe3 37. Qd6+ Kf5 38. Kc2 Qg1 39. Qd2 a5 40.
Qe2 Kf6 41. Kd3 Qb1+ 42. Kc4 Qf5 43. Qd2 Qe5 44. Kb5 Qc7 45. c4 Qb8+ 46. Kxc5
Qa7+ 47. Kb5 a4 48. bxa4 Qb7+ 49. Kc5 Qa7+ 50. Kb4 Qb6+ 51. Kc3 Qa5+ 52. Kd3
Qxa4 53. Qc3+ Ke6 54. Qb3 Qd7+ 55. Ke2 Qa7 56. c5+ Ke5 57. Qc4 f5 58. a4 Qb8
59. Kd3 Qb1+ 60. Qc2 Qf1+ 61. Qe2+ 1-0